| Tag |
First Indicator |
Second Indicator |
Subfields |
| LEADER |
00000cam a2200000Ia 4500 |
| 001 |
in00001673113 |
| 005 |
20151024124538.0 |
| 007 |
hd afa014baca |
| 008 |
940218s1992 dcu ab f000 0 eng d |
| 035 |
|
|
|a (OCoLC)ocm29837243
|
| 040 |
|
|
|a UP3
|c UP3
|d OCL
|d UtOrBLW
|
| 043 |
|
|
|a n-us---
|
| 049 |
|
|
|a TXAM
|
| 090 |
|
|
|a JK1108
|b .M35 Suppl. 1992 reel 6
|
| 099 |
|
|
|a Film
|a S
|a 1707
|a 1992, reel 6, fr. 00341
|
| 100 |
1 |
|
|a Winters, Philip D.
|
| 245 |
1 |
0 |
|a Proposed and actual budget totals for the fiscal years 1980 through 1991 /
|c Philip D. Winters.
|
| 264 |
|
1 |
|a [Washington, D.C.] :
|b Congressional Research Service, Library of Congress,
|c [1992]
|
| 300 |
|
|
|a 6 pages ;
|c 28 cm.
|
| 336 |
|
|
|a text
|b txt
|2 rdacontent
|
| 337 |
|
|
|a microform
|b h
|2 rdamedia
|
| 338 |
|
|
|a microfilm reel
|b hd
|2 rdacarrier
|
| 500 |
|
|
|a Cover title.
|
| 500 |
|
|
|a At head of title: CRS report for Congress.
|
| 500 |
|
|
|a "March 4, 1992."
|
| 504 |
|
|
|a Includes bibliographical references.
|
| 500 |
|
|
|a "92-252 E."
|
| 533 |
|
|
|a Microfilm.
|b Arlington, Va. :
|c University Publications of America,
|d 1993.
|e on 1 microfilm reel ; 35 mm. Low reduction.
|f (Major studies and issue briefs of the Congressional Research Service. 1992 supplement ; reel 6, fr. 00341).
|
| 500 |
|
|
|a Microform.
|
| 650 |
|
0 |
|a Budget
|z United States.
|
| 710 |
2 |
|
|a Library of Congress.
|b Congressional Research Service.
|
| 830 |
|
0 |
|a Major studies and issue briefs of the Congressional Research Service.
|p Supplement ;
|v 1992, reel 6, fr. 00341.
|
| 994 |
|
|
|a 92
|b TXA
|
| 999 |
|
|
|a MARS
|
| 999 |
f |
f |
|s 1c4fdc29-4598-30ad-a0af-0e35803a5f99
|i 9827b6ae-a11f-3617-8204-aa3c7a19674a
|t 0
|
| 952 |
f |
f |
|a Texas A&M University
|b College Station
|c Sterling C. Evans Library
|d Evans: Microforms (3rd floor)
|t 0
|e Film S 1707 1992, reel 6, fr. 00341
|h Other scheme
|
| 998 |
f |
f |
|a Film S 1707 1992, reel 6, fr. 00341
|t 0
|l Evans: Microforms (3rd floor)
|